Dinámica concreta del desarrollo

Spremljeno u:
Bibliografski detalji
Glavni autor: Lebret, Louis-Joseph (Autor)
Format: Knjiga
Jezik:španjolski
Izdano: Barcelona Herder 1969
Teme:
Oznake: Dodaj oznaku
Bez oznaka, Budi prvi tko označuje ovaj zapis!

MARC

LEADER 00000nam a2200000 a 4500
001 UCL4133
003 CL-VaPUC
008 031231e19690000SP |||||||||||||||||spa|d
082 0 4 |a 338.9  |b LEB  |2 21 
100 |a Lebret, Louis-Joseph  |e author  |9 481616 
245 1 0 |a Dinámica concreta del desarrollo 
300 |a 559 p 
942 |c BK 
945 |d 20031231 00:00:00  |a rbrito 
260 |a Barcelona  |b Herder  |c 1969 
650 0 |a Desarrollo económico y social   |9 256320 
650 0 |a Países en desarrollo  |9 259663 
650 0 |a Crecimiento económico   |9 314037 
650 7 |a PAISES DESARROLLADOS  |2 CL-VaPUC  |9 338233 
650 0 |a Política económica   |9 255029 
650 7 |a DESARROLLO AGRICOLA  |2 CL-VaPUC  |9 259759 
650 0 |a Arbitraje internacional  |9 367460 
583 |a last modification  |c 20031231 00:00:00  |k Rodrigo Vera 
999 |c 307076  |d 307074 
952 |0 0  |1 0  |4 0  |6 338_900000000000000_LEB_1969  |7 0  |8 A  |9 372561  |a BIBTEO  |b BIBTEO  |d 2019-11-21  |i 2086735  |o 338.9 LEB 1969  |p 2086735  |r 2025-01-17  |w 2019-11-21  |y BK  |k ICR